00836nam a22002415a 450000500170000000800410001701000140005802000260007203500130009803700150011104000180012608200130014410000180015724500350017526000320021027000780024230000230032065000210034365000400036494200270040499900170043195201460044820090623120846.0090226s2009 ii b 001 0 eng  aENG-94206 a9789380032085c295.00 aEN-77739 bDBAD / PUB adplbEnglish  a658.3124 aBarnes, Mark  aSerious fun /cby Mark Barnes  aNew Delhi bWestland c2007 aF-5 Okhla Industrial Area, Phase I, Mezzanine Floor, bNew Delhi e110020 a210p. c26cm(pbk)  aManagement games aTeams in the workplacexTraining of 2ddccENmBARh658.3124 c27792d27792 00102ddc40718NFICaDBADbDBADd2009-06-23eDBAD / PUBg295.00l0o658.3124 BARpEN-77739r2009-06-23 00:00:00t1v295.00w2009-06-23yEN